LEADER 00802nam0-22002771i-450 001 990006319610403321 005 20190226112559.0 035 $a000631961 035 $aFED01000631961 100 $a19980601d1929----km-y0itay50------ba 101 0 $aita 102 $aIT 105 $ay------ 001yy 200 1 $aStoria del diritto romano$fPietro De Francisci 210 $aRoma$cA.R.E.$d1929 215 $a390 p.$d24 cm 225 1 $a"Ius. Collezione di scritti / diretta da Pietro De Francisci e Amedeo Giannini$v4 676 $a930 700 1$aDe Francisci,$bPietro$f<1883-1971>$0176881 801 0$aIT$bUNINA$gRICA$2UNIMARC 901 $aBK 912 $a990006319610403321 952 $aCOLLEZ. 86 (4)$b18341$fFGBC 959 $aFGBC 996 $aStoria del diritto romano$9612002 997 $aUNINA LEADER 03406nam 22006735 450 001 9910983389903321 005 20251113181405.0 010 $a9789819779628 010 $a9819779626 024 7 $a10.1007/978-981-97-7962-8 035 $a(MiAaPQ)EBC31758493 035 $a(Au-PeEL)EBL31758493 035 $a(CKB)36516673500041 035 $a(DE-He213)978-981-97-7962-8 035 $a(EXLCZ)9936516673500041 100 $a20241107d2025 u| 0 101 0 $aeng 135 $aurcnu|||||||| 181 $ctxt$2rdacontent 182 $cc$2rdamedia 183 $acr$2rdacarrier 200 10$aProceedings of the 10th Conference on Sound and Music Technology $eRevised Selected Papers from CMST /$fedited by Kun Qian, Xin Wang, Qinglin Meng, Mingzhi Chen 205 $a1st ed. 2025. 210 1$aSingapore :$cSpringer Nature Singapore :$cImprint: Springer,$d2025. 215 $a1 online resource (143 pages) 225 1 $aLecture Notes in Electrical Engineering,$x1876-1119 ;$v1268 311 08$a9789819779611 311 08$a9819779618 320 $aIncludes bibliographical references. 327 $aA Holistic Evaluation of Piano Sound Quality -- A Survey Of Singing Voice Synthesis -- Double-Mix-Net: A Multimodal Music Emotion Recognition Network with Multi-Layer Feature Mixing -- Research on Generalization of U-Net Intermediate Block Design for Music Source Separation -- XBeat: A Hybrid Cnn-Transformer Model for Beat And Downbeat Tracking. 330 $aThe book presents selected papers at the 10th Conference on Sound and Music Technology (CSMT) held in June 2023, China. CSMT is a multidisciplinary conference focusing on audio processing and understanding with bias on music and acoustic signals. The primary aim of the conference is to promote the collaboration between art society and technical society in China. In this book, the paper included covers a wide range topic from speech, signal processing, music understanding, machine learning, and signal processing for advanced medical diagnosis and treatment applications, which demonstrates the target of CSMT merging arts and science research together. Its content caters to scholars, researchers, engineers, artists, and education practitioners not only from academia but also industry, who are interested in audio/acoustics analysis signal processing, music, sound, and artificial intelligence (AI). 410 0$aLecture Notes in Electrical Engineering,$x1876-1119 ;$v1268 606 $aSpeech processing systems 606 $aSignal processing 606 $aAcoustical engineering 606 $aMusic$xMathematics 606 $aMusic theory 606 $aSpeech and Audio Processing 606 $aEngineering Acoustics 606 $aMathematics in Music 606 $aTheory of Music 615 0$aSpeech processing systems. 615 0$aSignal processing. 615 0$aAcoustical engineering. 615 0$aMusic$xMathematics. 615 0$aMusic theory. 615 14$aSpeech and Audio Processing. 615 24$aEngineering Acoustics. 615 24$aMathematics in Music. 615 24$aTheory of Music. 676 $a620.2 702 $aQian$b Kun 801 0$bMiAaPQ 801 1$bMiAaPQ 801 2$bMiAaPQ 906 $aBOOK 912 $a9910983389903321 996 $aProceedings of the 10th Conference on Sound and Music Technology$94464772 997 $aUNINA